Стратегия революционного обновления: рекомендательный библиографический указатель

Bibliografiset tiedot
Yhteisötekijä: Государственная библиотека СССР им. В.И. Ленина
Muut tekijät: Бардонова Л. Г. (составитель)
Yhteenveto:Исключено из фонда НТБ ТПУ
Kieli:venäjä
Julkaistu: Москва, Книжная палата, Б. г.
Aineistotyyppi: MixedMaterials Kirja
KOHA link:https://koha.lib.tpu.ru/cgi-bin/koha/opac-detail.pl?biblionumber=263535

MARC

LEADER 00000nam0a2200000 4500
001 263535
005 20231101233740.0
010 |a 5700000334 
020 |a RU  |b 88-68793 
035 |a (RuTPU)RU\TPU\book\286520 
090 |a 263535 
100 |a 20140609d1988 k y0rusy5003 ca 
101 0 |a rus 
102 |a RU 
105 |a y a 001zy 
200 1 |a Стратегия революционного обновления  |e рекомендательный библиографический указатель  |f Государственная библиотека СССР им. В.И. Ленина ; сост. Л. Г. Бардонова 
210 |a Москва  |c Книжная палата  |d Б. г. 
215 |a 88 с. 
333 |a Исключено из фонда НТБ ТПУ 
702 1 |a Бардонова  |b Л. Г.  |4 220 
712 0 2 |a Государственная библиотека СССР им. В.И. Ленина  |9 24199 
801 0 |a RU  |b RuMRKP  |c 19950417  |g psbo 
801 1 |a RU  |b 63413507  |c 20140609 
801 2 |a RU  |b 63413507  |c 20220314  |g RCR 
942 |c BK